| 000 | 00405nam a2200145 a 4500 | ||
|---|---|---|---|
| 001 | 915 | ||
| 003 | CDMR | ||
| 005 | 20130116135159.0 | ||
| 008 | 130130s1973||||||||||||||||||||||||||||d | ||
| 040 |
_aCDMR _bcat _cCDMR |
||
| 100 | 1 |
_aSánchez De La Fuente, Ángel _9715 |
|
| 245 | 1 | 3 |
_aEl desastre cubano de 1898 en la prensa diaria de Barcelona _cAngel Sanchez de la Fuente |
| 260 |
_aBarcelona _c1973 |
||
| 942 | _cTSN | ||
| 999 |
_c915 _d915 |
||